Polskie miasta na literę "J" - Statystyki

Ogólne statystyki
  • Ten quiz został rozwiązany 756 razy
  • Średni wynik to 6 z 10
Statystyki odpowiedzi
Hint Odpowiedź % Poprawnych
78 300 Jelenia Góra
79%
22 600 Jawor
78%
90 400 Jaworzno
73%
37 500 Jarosław
69%
88 000 Jastrzębie-Zdrój
69%
34 500 Jasło
60%
26 400 Jarocin
54%
15 500 Jędrzejów
47%
11 700 Janów Lubelski
33%
20 600 Józefów
33%
Nie znaleziono quizów pasujących do podanych kryteriów
Rozkład punktacji
Procent ludzi z każdym wynikiem
Percentyl według liczby udzielonych odpowiedzi
Twoja historia wyników
Nie rozwiązałeś tego quizu